Central Library OPAC University of Rajshahi

Skill in sport : (Record no. 17147)

MARC details
000 -LEADER
fixed length control field 00802nam a22002531 4500
001 - CONTROL NUMBER
control field 17147
003 - CONTROL NUMBER IDENTIFIER
rucl marc code BD-RjUL
005 - DATE AND TIME OF LATEST TRANSACTION
control field 20211209000109.0
008 - FIXED-LENGTH DATA ELEMENTS--GENERAL INFORMATION
fixed length control field 140216t19671963enka b 001 0 eng
035 ## - SYSTEM CONTROL NUMBER
System control number (BD-RjUL)17204
040 ## - CATALOGING SOURCE
Original cataloging agency DLC
Transcribing agency IDeKN
Modifying agency NBrockU
-- DLC
-- BD-RjUL
Language of cataloging eng
041 ## - LANGUAGE CODE
Language code of text/sound track or separate title eng
082 ## - DEWEY DECIMAL CLASSIFICATION NUMBER
Classification number 796
Author mark and year KNS 1963
Edition number 23
100 1# - MAIN ENTRY--PERSONAL NAME
Personal name Knapp, Barbara.
9 (RLIN) 52894
245 10 - TITLE STATEMENT
Title Skill in sport :
Remainder of title the attainment of proficiency /
Statement of responsibility, etc. B. Knapp.
260 ## - PUBLICATION, DISTRIBUTION, ETC. (IMPRINT)
Place of publication, distribution, etc. London :
Name of publisher, distributor, etc. Routledge & K. Paul,
Date of publication, distribution, etc. c1963.
300 ## - PHYSICAL DESCRIPTION
Pagination xii, 204 p. :
Illustrations ill. ;
Size 23 cm.
500 ## - GENERAL NOTE
General note Stamped on t.-p.: Distributed by Sportshelf, New Rochelle, N. Y.
504 ## - BIBLIOGRAPHY, ETC. NOTE
Bibliography, etc Bibliography: p. 173-184. and index.
650 #0 - SUBJECT ADDED ENTRY--TOPICAL TERM
Topical term or geographic name as entry element Physical education and training.
9 (RLIN) 52895
942 ## - ADDED ENTRY ELEMENTS (KOHA)
Source of classification or shelving scheme Dewey Decimal Classification
Koha item type Books
Holdings
Lost status Source of classification or shelving scheme Damaged status Not for loan Collection code Permanent Location Current Location Shelving location Date acquired Source of acquisition Cost, normal purchase price Total Checkouts Full call number Date last seen Copy number Koha item type
  Dewey Decimal Classification   Not For Loan Non-fiction Central Library, University of Rajshahi Central Library, University of Rajshahi Reading Room 04/03/1964 Zitlinger 30.00   796 KNS 1963 16/02/2014 C-1 Books
  Dewey Decimal Classification     Non-fiction Central Library, University of Rajshahi Central Library, University of Rajshahi   19/10/1970 Zeitlinger 30.00   796 KNS 1967 10/02/2020 C-2 Books